MARC

LEADER 00000nam0a2200000 4500
001 82257
005 20231031095619.0
035 |a (RuTPU)RU\TPU\book\88403 
090 |a 82257 
100 |a 20050929d1955 m y0rusy50 ca 
101 0 |a rus 
102 |a RU 
105 |a a z 000zy 
200 1 |a Судовая радиолокационная станция и особенности ее работы  |f В. П. Благовещенский 
210 |a Москва  |c Морской транспорт  |d 1955 
215 |a 56 с.  |c ил. 
610 1 |a радиолокационные станции 
610 1 |a судовые станции 
610 1 |a работа 
610 1 |a судовые радиостанции 
675 |a 629  |v 3 
700 1 |a Благовещенский  |b В. П.  |g Владимир Петрович 
801 1 |a RU  |b 63413507  |c 20050929  |g PSBO 
801 2 |a RU  |b 63413507  |c 20051206  |g PSBO 
942 |c BK